[Event "Spanish League of Honour"]
[Site "Linares"]
[Date "2017.08.18"]
[Round "5"]
[White "Franco Alonso, Alejandro"]
[Black "Grandelius, Nils"]
[Result "0-1"]
[WhiteTitle "IM"]
[BlackTitle "GM"]
[WhiteElo "2434"]
[BlackElo "2644"]
[Board "4"]
[WhiteCountry "ESP"]
[WhiteFideId "2214067"]
[WhiteEloChange "-2"]
[BlackCountry "SWE"]
[BlackFideId "1710400"]
[BlackEloChange "2"]

1. d4 d5 2. c4 e6 3. Nf3 a6 4. Bg5 Be7 5. Bxe7 Qxe7 6. Nbd2 Nf6 7. Rc1 O-O
8. e3 Nc6 9. Qb3 Rd8 10. Be2 e5 11. cxd5 Nxd5 12. Nxe5 Nxe5 13. dxe5 Be6
14. Qa4 b5 15. Qe4 Nb6 16. Qc2 Qg5 17. O-O Qxe5 18. Nf3 Qf6 19. Nd4 Rac8
20. Nc6 Re8 21. Bf3 Bf5 22. Qe2 Nc4 23. b3 Ne5 24. Nxe5 Qxe5 25. Rc6 Re6
26. Rd1 Rxc6 27. Bxc6 Qf6 28. Rc1 Rd8 29. h3 g6 30. Bf3 Qe5 31. e4 Bxh3 32.
Qe3 Be6 33. Qa7 Qb2 34. Rxc7 Qxa2 35. b4 Qb1+ 36. Kh2 Qxb4 37. Qxa6 Qd4 38.
Qa7 Qxa7 39. Rxa7 Rb8 40. Ra1 b4 41. Rb1 b3 42. Rb2 Kg7 43. Kg3 Rc8 0-1

[Event "Spanish League of Honour"]
[Site "Linares"]
[Date "2017.08.18"]
[Round "5"]
[White "Mchedlishvili, Mikheil"]
[Black "Shvayger, Yuliya"]
[Result "1-0"]
[WhiteTitle "GM"]
[BlackTitle "WGM"]
[WhiteElo "2590"]
[BlackElo "2438"]
[Board "5"]
[WhiteCountry "GEO"]
[WhiteFideId "13600966"]
[WhiteEloChange "3"]
[BlackCountry "ISR"]
[BlackFideId "14100126"]
[BlackEloChange "-3"]

1. d4 Nf6 2. c4 e6 3. Nf3 d5 4. g3 dxc4 5. Bg2 a6 6. O-O Nc6 7. e3 Rb8 8.
Nfd2 Qd7 9. Nxc4 b5 10. Ncd2 Be7 11. Nb3 O-O 12. Bd2 e5 13. Qc2 Bb7 14. Rc1
e4 15. a4 Rfc8 16. axb5 axb5 17. Be1 Nb4 18. Bxb4 Bxb4 19. Ra7 Bd5 20. N1d2
Qe6 21. Rxc7 Rxc7 22. Qxc7 Bd6 23. Qc2 Re8 24. Nc5 Qg4 25. Nb1 h5 26. Nc3
Bc6 27. Qe2 b4 28. Qxg4 hxg4 29. Na2 Rb8 30. Bf1 Rb6 31. Rc4 Bd5 32. Rxb4
Bxc5 33. dxc5 Rc6 34. Nc3 Rxc5 35. Rb5 Rxb5 36. Bxb5 Bb7 37. Be2 Kf8 38.
Kf1 Ke7 39. Ke1 Kd6 40. b4 Ke5 41. Kd2 Bc8 42. Bc4 Be6 43. Bxe6 Kxe6 44.
Kc2 Ke5 45. Kb3 Nh7 46. Ka4 Ng5 47. Ka5 Kd6 48. Ka6 f5 49. b5 Ne6 50. b6
Kc6 51. Ne2 Nc5+ 52. Ka7 Kd5 53. b7 Nxb7 54. Kxb7 Kc4 55. Nd4 1-0

[Event "Spanish League of Honour"]
[Site "Linares"]
[Date "2017.08.18"]
[Round "5"]
[White "Argandona Riveiro, Inigo"]
[Black "Ibarra Jerez, Jose Carlos"]
[Result "0-1"]
[WhiteTitle "IM"]
[BlackTitle "GM"]
[WhiteElo "2426"]
[BlackElo "2569"]
[Board "6"]
[WhiteCountry "ESP"]
[WhiteFideId "2212072"]
[WhiteEloChange "-3"]
[BlackCountry "ESP"]
[BlackFideId "2226332"]
[BlackEloChange "3"]

1. d3 d5 2. g3 e5 3. Nf3 Nc6 4. Bg2 Nf6 5. O-O h6 6. a3 Bd6 7. Nc3 O-O 8.
e4 dxe4 9. dxe4 Be6 10. b4 a5 11. b5 Ne7 12. Qe2 Ng6 13. Rd1 Qe7 14. Bb2 a4
15. Nd2 c6 16. Nc4 Bc5 17. Ne3 Qc7 18. Rab1 Rfe8 19. Nf5 Nf8 20. Qf3 N8d7
21. g4 Bf8 22. Bc1 cxb5 23. Nxb5 Qc6 24. h3 Ra5 25. Nc3 Rc5 26. Nd5 Rxc2
27. Nxh6+ gxh6 28. Nxf6+ Nxf6 29. Qxf6 Ba2 30. Qxc6 bxc6 31. Rb2 Rxb2 32.
Bxb2 f6 33. Rd2 Be6 34. Bf3 Rb8 35. Bd1 Bb3 36. Be2 Kf7 37. Kf1 Ke6 38. Ke1
Bc5 39. h4 Bd6 40. Bc1 Bc7 41. g5 Ba5 42. Bg4+ Kf7 43. gxh6 Be6 44. Bh5+
Kg8 45. Ke2 Bxd2 46. Kxd2 Kh7 47. Bd1 Bb3 48. Bg4 Kxh6 49. Kc3+ Kg7 50. h5
Bf7 51. Bd1 Rb1 52. Kd2 Bb3 53. Be2 c5 54. Bd3 Ra1 55. Bb2 Rd1+ 56. Kc3 Rh1
57. f4 exf4 0-1

[Event "Spanish League of Honour"]
[Site "Linares"]
[Date "2017.08.18"]
[Round "5"]
[White "Gil Quilez, Sonia"]
[Black "Buiza Prieto, Eihartze"]
[Result "1-0"]
[WhiteTitle "WFM"]
[BlackTitle "WFM"]
[WhiteElo "2057"]
[BlackElo "2099"]
[Board "7"]
[WhiteCountry "ESP"]
[WhiteFideId "2263980"]
[WhiteEloChange "11"]
[BlackCountry "ESP"]
[BlackFideId "22250220"]
[BlackEloChange "-11"]

1. d4 d5 2. Nf3 Nf6 3. c4 e6 4. Nc3 Nbd7 5. cxd5 exd5 6. Bg5 c6 7. e3 Bd6
8. Bd3 O-O 9. Qc2 h6 10. Bh4 Qc7 11. Bg3 Re8 12. Bxd6 Qxd6 13. O-O Qe7 14.
a3 a5 15. Rab1 Ne4 16. b4 f5 17. Na4 Ndf6 18. Nb6 Ra7 19. Ne5 axb4 20. axb4
Qc7 21. Na4 Nd7 22. f4 Nxe5 23. fxe5 b6 24. Nc3 Qe7 25. b5 Rc7 26. Bxe4
fxe4 27. bxc6 Rxc6 28. Qb3 Be6 29. Nb5 Rec8 30. Nd6 R8c7 31. Qa4 Kh7 32.
Nb5 Rc4 33. Qa6 Bc8 34. Qa8 Bb7 35. Qa7 Rd7 36. Qxb6 Qg5 37. Qe6 Qxe3+ 38.
Kh1 Rd8 39. Qf5+ Kh8 40. Nd6 Bc8 41. Qg6 Kg8 42. Nxc4 dxc4 43. Rf7 1-0

[Event "Spanish League of Honour"]
[Site "Linares"]
[Date "2017.08.18"]
[Round "5"]
[White "Vidit, Santosh Gujrathi"]
[Black "Banusz, Tamas"]
[Result "1-0"]
[WhiteTitle "GM"]
[BlackTitle "GM"]
[WhiteElo "2693"]
[BlackElo "2611"]
[Board "1"]
[WhiteCountry "IND"]
[WhiteFideId "5029465"]
[WhiteEloChange "4"]
[BlackCountry "HUN"]
[BlackFideId "722413"]
[BlackEloChange "-4"]

1. d4 d5 2. c4 c6 3. Nf3 Nf6 4. Nc3 dxc4 5. a4 Bf5 6. Ne5 Nbd7 7. Nxc4 Nb6
8. Ne5 a5 9. e3 Nbd7 10. Nc4 Qb8 11. f4 e6 12. Be2 Bb4 13. g4 Bg6 14. O-O
h5 15. g5 Nd5 16. e4 Bxc3 17. bxc3 Bxe4 18. Ba3 Nxc3 19. Qd2 Nxe2+ 20. Qxe2
Bd5 21. Nd6+ Kf8 22. f5 Kg8 23. Nxf7 exf5 24. Nxh8 Kxh8 25. Qxh5+ Kg8 26.
Rae1 f4 27. Be7 Qc7 28. g6 Nf6 29. Bxf6 gxf6 30. Rxf4 Qg7 31. Rh4 Kf8 32.
Qf5 Bf7 33. Rh7 1-0

[Event "Spanish League of Honour"]
[Site "Linares"]
[Date "2017.08.18"]
[Round "5"]
[White "Salgado Lopez, Ivan"]
[Black "Baklan, Vladimir"]
[Result "1-0"]
[WhiteTitle "GM"]
[BlackTitle "GM"]
[WhiteElo "2627"]
[BlackElo "2601"]
[Board "3"]
[WhiteCountry "ESP"]
[WhiteFideId "2257327"]
[WhiteEloChange "5"]
[BlackCountry "UKR"]
[BlackFideId "14102196"]
[BlackEloChange "-5"]

1. Nf3 Nf6 2. c4 g6 3. b4 Bg7 4. Bb2 O-O 5. g3 c6 6. Bg2 d5 7. cxd5 cxd5 8.
O-O a5 9. b5 a4 10. Na3 Qd6 11. Nc2 Ne4 12. Rb1 Nd7 13. Bxg7 Kxg7 14. Rb4
Nef6 15. a3 e5 16. Nfe1 Re8 17. f4 e4 18. Qa1 Nc5 19. Nd4 Nb3 20. Qb2 Qc5
21. e3 Nxd4 22. exd4 Qd6 23. Nc2 h5 24. h3 Rh8 25. Ne3 h4 26. g4 Bxg4 27.
Nxg4 Nxg4 28. hxg4 h3 29. Bxe4 Rh4 30. Bf3 Qxf4 31. d3 h2+ 32. Kh1 Rxg4 33.
Bg2 Qg5 34. Qf2 Rf8 35. b6 f5 36. Qe2 Kh6 37. Rb2 Rxd4 38. Qe5 Qf6 39. Qe3+
f4 40. Qh3+ Kg7 41. Re2 Qg5 42. Rfe1 Rf7 43. Re8 Qh5 44. Qc8 Qf5 45. Rg8+
Kh6 46. Rh8+ Kg5 47. Qd8+ Rf6 48. Bh3 1-0

[Event "Spanish League of Honour"]
[Site "Linares"]
[Date "2017.08.18"]
[Round "5"]
[White "Forcen Esteban, Daniel"]
[Black "Ganguly, Surya Shekhar"]
[Result "0-1"]
[WhiteTitle "GM"]
[BlackTitle "GM"]
[WhiteElo "2535"]
[BlackElo "2658"]
[Board "4"]
[WhiteCountry "ESP"]
[WhiteFideId "2288230"]
[WhiteEloChange "-3"]
[BlackCountry "IND"]
[BlackFideId "5002150"]
[BlackEloChange "3"]

1. e4 e6 2. d4 d5 3. Nc3 Nf6 4. e5 Nfd7 5. f4 c5 6. Nf3 Nc6 7. Be3 Be7 8.
Qd2 a6 9. dxc5 Nxc5 10. O-O-O Qa5 11. Kb1 b5 12. Bd3 Nb4 13. a3 Nbxd3 14.
cxd3 Na4 15. Na2 Qc7 16. Rc1 Qb7 17. Nd4 Bd7 18. Nb3 d4 19. Nxd4 a5 20. Qc2
b4 21. axb4 axb4 22. Qc7 Qxg2 23. Qc2 Qb7 24. Qc7 Nc3+ 0-1

[Event "Spanish League of Honour"]
[Site "Linares"]
[Date "2017.08.18"]
[Round "5"]
[White "Cori, Jorge"]
[Black "Shevchenko, Kirill"]
[Result "1-0"]
[WhiteTitle "GM"]
[BlackTitle "IM"]
[WhiteElo "2641"]
[BlackElo "2527"]
[Board "5"]
[WhiteCountry "PER"]
[WhiteFideId "3802272"]
[WhiteEloChange "3"]
[BlackCountry "UKR"]
[BlackFideId "14129574"]
[BlackEloChange "-3"]

1. e4 c5 2. Nc3 d6 3. g4 e5 4. d3 Be7 5. Nd5 Be6 6. Bg2 Bxd5 7. exd5 h5 8.
h4 Bxh4 9. gxh5 Bg5 10. Be3 Bxe3 11. fxe3 Qg5 12. Qe2 Nd7 13. Nf3 Qh6 14.
O-O-O Ne7 15. Kb1 Nxd5 16. Rde1 Ne7 17. Nh4 O-O-O 18. Qf3 Nc6 19. Qxf7 Rhf8
20. Qc4 Qxh5 21. Bxc6 bxc6 22. Qa6+ Kb8 23. Qxc6 Nb6 24. Qg2 Qf7 25. Ng6
Rfe8 26. Ref1 Qb7 27. Qxb7+ Kxb7 28. Rf7+ Rd7 29. Rhf1 e4 30. Rxd7+ Nxd7
31. Rf7 exd3 32. cxd3 Rd8 33. Rxg7 Kb6 34. Kc2 Nf6 35. Nf4 Rh8 36. Rf7 Ng4
37. Nd5+ Kc6 38. e4 Ne5 39. Rc7+ Kb5 40. Rxa7 c4 41. Kc3 Rh3 42. a4+ Kc5
43. Rc7+ Nc6 44. Nb4 Rh7 1-0

[Event "Spanish League of Honour"]
[Site "Linares"]
[Date "2017.08.18"]
[Round "5"]
[White "Quintin Navarro, Alberto"]
[Black "Ubilava, Elizbar"]
[Result "1/2-1/2"]
[WhiteTitle "FM"]
[BlackTitle "GM"]
[WhiteElo "2357"]
[BlackElo "2498"]
[Board "6"]
[WhiteCountry "ESP"]
[WhiteFideId "2292688"]
[WhiteEloChange "4"]
[BlackCountry "ESP"]
[BlackFideId "13600052"]
[BlackEloChange "-2"]

1. e4 c5 2. Nf3 d6 3. Bb5+ Nc6 4. O-O Bg4 5. h3 Bh5 6. Re1 e6 7. d3 Rc8 8.
c3 Nf6 9. Nbd2 Be7 10. Nf1 O-O 11. Ng3 Bg6 12. Nh4 d5 13. Nxg6 hxg6 14. Bg5
a6 15. Ba4 b5 16. Bb3 d4 17. c4 Rb8 18. Qd2 Re8 19. Bd1 bxc4 20. dxc4 Nd7
21. Bxe7 Rxe7 22. Ba4 Nce5 23. Bxd7 Rxd7 24. b3 g5 25. Ne2 a5 26. Rad1 a4
27. Nc1 Rdb7 28. Re3 f6 29. Rg3 Qc7 30. Qe2 axb3 31. axb3 Ra7 32. Kh2 Ra3
33. Qh5 Qf7 34. Qe2 Ng6 35. Nd3 Rbxb3 36. Nxc5 Rxg3 37. fxg3 Qc7 38. Nxe6
Qxg3+ 39. Kh1 Re3 40. Qg4 Qxg4 41. hxg4 d3 42. Nc5 Ne5 43. Kg1 Kf7 44. Kf2
Nxg4+ 45. Kf1 Ne5 46. Kf2 Re2+ 47. Kf1 Rc2 48. Nxd3 Nxc4 49. Re1 Ke6 50.
Kg1 Rc3 51. Nf2 Ke5 52. Rd1 Ke6 53. Ra1 Ne5 54. Kh2 Kf7 55. Ra7+ Kg6 56.
Rb7 Re3 57. g4 Nf3+ 58. Kg2 Nd2 59. Re7 Re2 60. Kg3 Kh7 61. Re8 g6 62. e5
f5 63. gxf5 gxf5 64. e6 f4+ 65. Kg4 Rxf2 66. e7 Re2 67. Rd8 Rxe7 68. Rxd2
Rg7 69. Rd6 Kg8 70. Ra6 Kf7 71. Rb6 Ke7 72. Ra6 Kf7 73. Rb6 Kg8 74. Rh6 Kf7
75. Rb6 Ke7 76. Ra6 Rg8 77. Rb6 Kd7 78. Ra6 Rf8 79. Kxg5 f3 80. Ra1 Ke6 81.
Kg4 Kd5 1/2-1/2

[Event "Spanish League of Honour"]
[Site "Linares"]
[Date "2017.08.18"]
[Round "5"]
[White "Garcia Vicente, Nieves"]
[Black "Rudolf, Anna"]
[Result "0-1"]
[WhiteTitle "WIM"]
[BlackTitle "IM"]
[WhiteElo "2137"]
[BlackElo "2260"]
[Board "7"]
[WhiteCountry "ESP"]
[WhiteFideId "2201542"]
[WhiteEloChange "-7"]
[BlackCountry "HUN"]
[BlackFideId "722855"]
[BlackEloChange "7"]

1. d4 Nf6 2. c4 e5 3. dxe5 Ng4 4. e6 dxe6 5. Qxd8+ Kxd8 6. Nf3 Bc5 7. e3
Nc6 8. Be2 Nb4 9. Na3 c6 10. O-O f6 11. Nd4 e5 12. Nb3 Be7 13. f3 Nh6 14.
e4 Be6 15. Be3 b6 16. Rfc1 Kc7 17. Nb1 Rhd8 18. Nc3 Kb7 19. Na4 f5 20. a3
Nd3 21. Rc2 Nf4 22. Bf1 fxe4 23. fxe4 Ng4 24. Bd2 Bf7 25. Re1 Bg6 26. Bc3
Nd3 27. Bxd3 Rxd3 28. Bb4 Bxb4 0-1

[Event "Spanish League of Honour"]
[Site "Linares"]
[Date "2017.08.19"]
[Round "6"]
[White "Wojtaszek, Radoslaw"]
[Black "Banusz, Tamas"]
[Result "1-0"]
[WhiteTitle "GM"]
[BlackTitle "GM"]
[WhiteElo "2745"]
[BlackElo "2611"]
[Board "1"]
[WhiteCountry "POL"]
[WhiteFideId "1118358"]
[WhiteEloChange "3"]
[BlackCountry "HUN"]
[BlackFideId "722413"]
[BlackEloChange "-3"]

1. d4 d5 2. c4 c6 3. Nf3 Nf6 4. Nc3 e6 5. Bg5 Nbd7 6. e3 Qa5 7. Nd2 dxc4 8.
Bxf6 Nxf6 9. Nxc4 Qc7 10. Rc1 Be7 11. g3 O-O 12. Bg2 Rd8 13. O-O Bd7 14. e4
b5 15. Ne3 Qb6 16. e5 Nd5 17. Ne4 Be8 18. Nc5 Bxc5 19. Nxd5 cxd5 20. Rxc5
b4 21. Qd2 Rac8 22. Rfc1 Rc6 23. Qg5 Rxc5 24. Rxc5 Kf8 25. Bf1 h6 26. Qc1
Bd7 27. Bd3 Qb8 28. Ba6 Qb6 29. Bd3 Qb8 30. f4 Rc8 31. Kf2 Rxc5 32. Qxc5+
Ke8 33. Ke3 Qb6 34. Qxb6 axb6 35. g4 g6 36. Kf3 Kf8 37. Ke3 Ke7 38. Kd2 Kf8
39. h4 Ke7 40. Be2 Kf8 41. Bd1 Ke7 42. a4 Kf8 43. Kc1 1-0

[Event "Spanish League of Honour"]
[Site "Linares"]
[Date "2017.08.19"]
[Round "6"]
[White "Ragger, Markus"]
[Black "Baklan, Vladimir"]
[Result "1/2-1/2"]
[WhiteTitle "GM"]
[BlackTitle "GM"]
[WhiteElo "2656"]
[BlackElo "2601"]
[Board "3"]
[WhiteCountry "AUT"]
[WhiteFideId "1610856"]
[WhiteEloChange "-1"]
[BlackCountry "UKR"]
[BlackFideId "14102196"]
[BlackEloChange "1"]

1. e4 d6 2. d4 Nf6 3. Bd3 e5 4. c3 Be7 5. Nf3 Nbd7 6. O-O O-O 7. Re1 c6 8.
Nbd2 Qc7 9. Nf1 Re8 10. h3 Nf8 11. Ng3 Ng6 12. Be3 Bf8 13. Qd2 h6 14. c4
Bd7 15. Bc2 exd4 16. Bxd4 Ne5 17. Qe2 Nh7 18. Bc3 c5 19. Nf1 Nxf3+ 20. Qxf3
Ng5 21. Qd3 Bc6 22. f3 g6 23. Ne3 h5 24. Ba4 d5 25. Nxd5 Bxd5 26. cxd5 c4
27. Qe3 Bc5 28. Bd4 Bxd4 29. Qxd4 Nxf3+ 30. gxf3 Qg3+ 31. Kf1 Qxf3+ 32. Qf2
Qh1+ 33. Qg1 Qf3+ 34. Qf2 Qh1+ 35. Qg1 Qf3+ 1/2-1/2

[Event "Spanish League of Honour"]
[Site "Linares"]
[Date "2017.08.19"]
[Round "6"]
[White "Shevchenko, Kirill"]
[Black "Jones, Gawain C B"]
[Result "0-1"]
[WhiteTitle "IM"]
[BlackTitle "GM"]
[WhiteElo "2527"]
[BlackElo "2660"]
[Board "4"]
[WhiteCountry "UKR"]
[WhiteFideId "14129574"]
[WhiteEloChange "-3"]
[BlackCountry "ENG"]
[BlackFideId "409561"]
[BlackEloChange "3"]

1. e4 d6 2. d4 Nf6 3. Nc3 g6 4. f4 Bg7 5. Nf3 O-O 6. Be3 b6 7. Bd3 c5 8.
Qd2 Ng4 9. Bg1 cxd4 10. Nxd4 e5 11. fxe5 dxe5 12. Nf3 Nc6 13. h3 Bh6 14.
Qe2 Nf6 15. Be3 Bxe3 16. Qxe3 Be6 17. Qh6 Kh8 18. Ng5 Ne7 19. O-O Neg8 20.
Nxe6 fxe6 21. Qg5 Qc7 22. Kh2 Nh5 23. Nb5 Qg7 24. g3 Ngf6 25. Kg2 a6 26.
Nc3 Qc7 27. Be2 b5 28. a3 Kg7 29. Rf2 Qc5 30. Raf1 h6 31. Qc1 Rad8 32. Bxh5
gxh5 33. Rf3 a5 34. Rxf6 Rxf6 35. Rxf6 Kxf6 36. Qxh6+ Ke7 37. Qh7+ Kd6 38.
Qb7 Rd7 39. Qb8+ Ke7 40. Kf3 b4 41. axb4 axb4 42. Na4 Qxc2 43. Qxb4+ Kf7
44. Nc5 Rd2 45. g4 Qd1+ 0-1

[Event "Spanish League of Honour"]
[Site "Linares"]
[Date "2017.08.19"]
[Round "6"]
[White "Edouard, Romain"]
[Black "Ramiro Ovejero, Juan Luis"]
[Result "1-0"]
[WhiteTitle "GM"]
[BlackTitle "IM"]
[WhiteElo "2624"]
[BlackElo "2399"]
[Board "5"]
[WhiteCountry "FRA"]
[WhiteFideId "633429"]
[WhiteEloChange "2"]
[BlackCountry "ESP"]
[BlackFideId "2210436"]
[BlackEloChange "-4"]

1. d4 d6 2. e4 Nf6 3. Nc3 e5 4. Nf3 Nbd7 5. Bc4 Be7 6. a4 O-O 7. O-O a5 8.
Re1 c6 9. h3 Nb6 10. Ba2 Nfd7 11. dxe5 dxe5 12. Be3 h6 13. Re2 Qc7 14. Rd2
Nc5 15. Nh4 Bxh4 16. Bxc5 Be7 17. Be3 Nd7 18. Qh5 Nc5 19. Bxh6 Be6 20. Bxe6
Nxe6 21. Be3 Rfd8 22. Rad1 Rxd2 23. Rxd2 Bc5 24. Bxc5 Nxc5 25. b3 Ne6 26.
Qd1 Rd8 27. Rxd8+ Nxd8 28. Qd2 Ne6 29. Nd1 b5 30. Ne3 Nd4 31. Kh1 Qb6 32.
g3 Qc5 33. Kg2 bxa4 34. bxa4 Kf8 35. c3 Ne6 36. Qd7 g6 37. Ng4 Qxc3 38. Nh6
Kg7 39. Nxf7 Qd4 40. Nd6+ 1-0

[Event "Spanish League of Honour"]
[Site "Linares"]
[Date "2017.08.19"]
[Round "6"]
[White "Quintin Navarro, Alberto"]
[Black "Del Rio De Angelis, Salvador G."]
[Result "1/2-1/2"]
[WhiteTitle "FM"]
[BlackTitle "GM"]
[WhiteElo "2357"]
[BlackElo "2511"]
[Board "6"]
[WhiteCountry "ESP"]
[WhiteFideId "2292688"]
[WhiteEloChange "4"]
[BlackCountry "ESP"]
[BlackFideId "2203138"]
[BlackEloChange "-2"]

1. Nf3 e6 2. c4 b6 3. g3 Bb7 4. Bg2 f5 5. O-O Nf6 6. b3 Be7 7. Bb2 O-O 8.
d3 Qe8 9. Nc3 Qh5 10. e4 fxe4 11. Nd2 Qxd1 12. Raxd1 Nc6 13. Ndxe4 Rab8 14.
d4 Na5 15. d5 Nxe4 16. Nxe4 exd5 17. cxd5 Ba6 18. Rfe1 Nb7 19. Bh3 Nc5 20.
d6 Bxd6 21. Nxd6 cxd6 22. Rxd6 Rbe8 23. Rxe8 Rxe8 24. Bxd7 Re1+ 25. Kg2
Bf1+ 26. Kf3 Be2+ 27. Kg2 Bf1+ 28. Kf3 Be2+ 29. Kg2 Bf1+ 30. Kf3 1/2-1/2

[Event "Spanish League of Honour"]
[Site "Linares"]
[Date "2017.08.19"]
[Round "6"]
[White "Vega Gutierrez, Sabrina"]
[Black "Rudolf, Anna"]
[Result "0-1"]
[WhiteTitle "IM"]
[BlackTitle "IM"]
[WhiteElo "2369"]
[BlackElo "2260"]
[Board "7"]
[WhiteCountry "ESP"]
[WhiteFideId "2219026"]
[WhiteEloChange "-13"]
[BlackCountry "HUN"]
[BlackFideId "722855"]
[BlackEloChange "13"]

1. Nf3 d5 2. d4 Nf6 3. c4 c6 4. e3 g6 5. Nc3 Bg7 6. Be2 O-O 7. O-O Be6 8.
Qb3 Qb6 9. Qa3 Re8 10. Bd2 dxc4 11. Ne5 Qc7 12. Bxc4 Bxc4 13. Nxc4 Nbd7 14.
f4 c5 15. Rac1 b6 16. Ne5 Qb7 17. Qb3 e6 18. Nb5 Ne4 19. Be1 a6 20. Nc3
Nxe5 21. dxe5 Bf8 22. Qc2 Nxc3 23. Bxc3 Red8 24. e4 c4 25. f5 Rd3 26. Rce1
b5 27. Ba5 Qd7 28. Kh1 Qd4 29. Bc3 Qb6 30. a3 a5 31. Bd2 Bg7 32. Bf4 Qd4
33. f6 Bf8 34. Rf3 Rd8 35. Rxd3 cxd3 36. Qd2 b4 37. Bh6 Bc5 38. Be3 Qxe5
39. Bxc5 Qxc5 40. Rc1 Qe5 41. Rf1 Qc5 42. Rc1 Qd6 43. axb4 axb4 44. Rf1 h5
45. e5 Qc5 46. Qh6 Qf8 47. Qe3 Kh7 48. Rd1 Qh6 49. Qb6 Qf8 50. Qe3 Rd5 51.
Rxd3 Rxd3 52. Qxd3 Qc5 53. Qd2 b3 54. h3 Qxe5 55. Qd8 Kh6 56. Qd2+ g5 57.
h4 Qf4 58. hxg5+ Kxg5 59. Qc3 Qf1+ 60. Kh2 Qb5 61. Qd4 Qd5 62. Qc3 e5 63.
Qe3+ Kg6 64. Qg3+ Kxf6 65. Qh4+ Ke6 66. Qxh5 e4 67. Qh6+ Ke7 68. Qh4+ Kd7
69. Qh3+ Kd6 70. Qh6+ Kc5 71. Qe3+ Kd6 72. Qb6+ Ke5 73. Qb8+ Kd4 74. Qb4+
Kd3 75. Qc3+ Ke2 76. Kg1 e3 77. Qf6 Kd1 78. Qf1+ Kc2 79. Qe2+ Qd2 80. Qc4+
Kxb2 81. Qxf7 e2 82. Qf6+ Kb1 83. Qf5+ Qc2 84. Qf6 0-1

[Event "Spanish League of Honour"]
[Site "Linares"]
[Date "2017.08.19"]
[Round "6"]
[White "Naiditsch, Arkadij"]
[Black "Vidit, Santosh Gujrathi"]
[Result "1/2-1/2"]
[WhiteTitle "GM"]
[BlackTitle "GM"]
[WhiteElo "2710"]
[BlackElo "2693"]
[Board "1"]
[WhiteCountry "AZE"]
[WhiteFideId "4650891"]
[BlackCountry "IND"]
[BlackFideId "5029465"]

1. e4 c5 2. Nf3 d6 3. d4 cxd4 4. Nxd4 Nf6 5. Nc3 a6 6. g3 e5 7. Nb3 Be7 8.
Bg2 O-O 9. O-O b5 10. Nd5 Nxd5 11. Qxd5 Ra7 12. Be3 Be6 13. Qd2 Ra8 14. a4
Nc6 15. axb5 axb5 16. Rxa8 Qxa8 17. Ra1 Qb7 18. Qd1 Ra8 19. Nd2 h6 20. h4
Ra6 21. Rxa6 Qxa6 22. Bf1 Qa4 23. b3 Qa5 24. Be2 Qc3 25. Nf1 Kh7 26. Bd2
Qc5 27. Ne3 Nd4 28. Bd3 g6 29. b4 Qc6 30. h5 d5 31. hxg6+ fxg6 32. f3 Bg5
33. exd5 Bxd5 34. Nxd5 Qxd5 35. Bxg5 hxg5 36. Be4 Qc4 37. Qd2 g4 38. Kf2
Nxf3 39. Qd5 Qc7 40. Qb7 Qxb7 41. Bxb7 Nd4 42. c3 Nf5 43. Ba6 Nd6 44. Ke1
Kg7 45. c4 Nxc4 46. Bxb5 Nb6 47. Bd3 Kf6 48. Kd2 Ke6 49. Kc3 Kd6 50. Bxg6
Nd5+ 51. Kc4 Ne3+ 52. Kd3 Nd5 53. b5 Kc5 54. Ke4 Nc3+ 55. Kf5 Ne2 56. Kxg4
Nxg3 57. Bd3 Ne4 58. Bxe4 Kxb5 1/2-1/2

[Event "Spanish League of Honour"]
[Site "Linares"]
[Date "2017.08.19"]
[Round "6"]
[White "Adhiban, B."]
[Black "Van Wely, Loek"]
[Result "0-1"]
[WhiteTitle "GM"]
[BlackTitle "GM"]
[WhiteElo "2677"]
[BlackElo "2646"]
[Board "2"]
[WhiteCountry "IND"]
[WhiteFideId "5018471"]
[WhiteEloChange "-5"]
[BlackCountry "NED"]
[BlackFideId "1000268"]
[BlackEloChange "5"]

1. d4 Nf6 2. c4 e6 3. Nf3 d5 4. Nc3 c6 5. Bg5 h6 6. Bh4 dxc4 7. e4 g5 8.
Bg3 b5 9. Be2 Bb7 10. Qc2 Nbd7 11. Nd2 Qb6 12. Rd1 Be7 13. O-O h5 14. h3 h4
15. Bh2 g4 16. hxg4 h3 17. Bg3 O-O-O 18. b3 Rdg8 19. gxh3 Rxh3 20. Kg2
Rxg3+ 21. fxg3 Qxd4 22. Nxc4 Qc5 23. b4 Qxb4 24. Nxb5 cxb5 25. Nd6+ Kb8 26.
Nxb7 Rc8 27. Qb3 Qxb3 28. axb3 Ne5 29. Nd6 Rc2 30. Rf2 Bxd6 31. Rxd6 Nxe4
32. Rd4 Nxf2 33. Kxf2 Kc7 34. Ke3 a6 35. Bd1 Rc3+ 36. Ke4 Nd7 37. Rd2 Rxg3
38. Kf4 Rg1 39. g5 Rf1+ 40. Kg3 Rf5 41. Kh4 Ne5 42. Rc2+ Kb6 43. Rc3 Rf1
44. Bc2 Rc1 45. Re3 Rxc2 46. Rxe5 a5 47. Re3 Rf2 48. Kh5 Kc5 49. Kh6 Kb4
50. Kg7 Rf5 51. Rg3 Ka3 52. Kf8 b4 53. Ke7 a4 54. bxa4+ Kxa4 55. Rg4 Ka3
0-1

[Event "Spanish League of Honour"]
[Site "Linares"]
[Date "2017.08.19"]
[Round "6"]
[White "Velten, Paul"]
[Black "Salgado Lopez, Ivan"]
[Result "1/2-1/2"]
[WhiteTitle "IM"]
[BlackTitle "GM"]
[WhiteElo "2459"]
[BlackElo "2627"]
[Board "3"]
[WhiteCountry "FRA"]
[WhiteFideId "681091"]
[WhiteEloChange "2"]
[BlackCountry "ESP"]
[BlackFideId "2257327"]
[BlackEloChange "-2"]

1. d4 Nf6 2. Nf3 e6 3. g3 b5 4. Bg2 d5 5. b3 Ba6 6. Nbd2 Be7 7. c4 c6 8. c5
b4 9. O-O Nbd7 10. Re1 Bb5 11. a4 bxa3 12. Qc2 O-O 13. Bxa3 Qc7 14. Bb2
Rfe8 15. h3 Bf8 16. Bc3 g6 17. e3 Bg7 18. e4 Nxe4 19. Nxe4 dxe4 20. Rxe4
Nf6 21. Ree1 a5 22. Qd2 a4 23. bxa4 Rxa4 24. Rxa4 Bxa4 25. Ra1 Bb5 26. Qa2
Nd5 27. Bd2 Rb8 28. Qa7 Rb7 29. Qa8+ Rb8 30. Qa7 Rb7 31. Qa8+ Rb8 1/2-1/2

[Event "Spanish League of Honour"]
[Site "Linares"]
[Date "2017.08.19"]
[Round "6"]
[White "Ganguly, Surya Shekhar"]
[Black "Gonzalez De La Torre, Santiago"]
[Result "1-0"]
[WhiteTitle "GM"]
[BlackTitle "IM"]
[WhiteElo "2658"]
[BlackElo "2444"]
[Board "4"]
[WhiteCountry "IND"]
[WhiteFideId "5002150"]
[WhiteEloChange "2"]
[BlackCountry "ESP"]
[BlackFideId "2221667"]
[BlackEloChange "-2"]

1. Nf3 d5 2. g3 g6 3. Bg2 Bg7 4. d4 Nh6 5. O-O Nf5 6. c3 O-O 7. Nbd2 Nd6 8.
Re1 f5 9. Ne5 e6 10. c4 Ne4 11. b3 c5 12. e3 Nc6 13. Bb2 cxd4 14. exd4 Bxe5
15. dxe5 Qb6 16. Qe2 Nd4 17. Qd3 Nxb3 18. Nxe4 Nxa1 19. Nf6+ Rxf6 20. Bd4
Nc2 21. Qxc2 Qxd4 22. exf6 Qxc4 23. Qd2 Qc5 24. Bxd5 Qxd5 25. Qh6 Qd7 26.
Rxe6 Qd1+ 27. Kg2 Kf7 28. Re7+ Kxf6 29. Qg7+ 1-0